00728nam a22001937a 4500003001100000008004100011040003900052041000800091082001600099111008300115245003900198260005100237300005100288650004400339650003800383942000700421952009100428999001500519LK-CoMWRAF240611b |||||||| |||| 00| 0 eng d aLK-CoMWRAFdLK-CoMWRAFeLK-CoMWRAF aeng a305.42bWOM aTENTH NATIONAL CONVENTION ON WOMEN'S STUDIES c( Colombo, d2-6 th April 2006) aSESSION I:bThe tsunami and gender aColombo: bCentre for Women's Research, c2006 aVarious paging; tables bBibliography included aWOMEN'S STUDIES- Sri Lanka- Congresses  aTsunami-related assistance-Gender cCP 00104070aMAINbMAINd2024-06-11l0o305.42 WOMpRAF5296r2024-06-11w2024-06-11yCP c4923d4923